|
|
|
|
| LEADER |
00000cam a2200000 7i4500 |
| 001 |
0000008523 |
| 002 |
000009289 |
| 005 |
.0 |
| 020 |
|
|
|a 9679747557
|
| 090 |
0 |
0 |
|a JF
|b BLY
|
| 100 |
1 |
|
|a Blyton, Enid
|
| 245 |
1 |
0 |
|a Gunung rahsia
|c Enid Blyton ; illustrasi oleh Liza Fadly
|
| 260 |
|
|
|a Kuala Lumpur :
|b Penerbitan Fargoes Sdn. Bhd. ,
|c 1995
|
| 300 |
|
|
|a 128p. :
|b ill. ;
|c 17cm.
|
| 490 |
0 |
|
|a Siri misteri
|
| 650 |
0 |
0 |
|a Children's stories, Malay
|
| 700 |
1 |
|
|a Liza Fadly ,
|e illustrasi
|
| 999 |
|
|
|a 048671
|b BUKU
|c PINJAMAN
|e PERPUSTAKAAN KOMUNITI PETALING JAYA
|
| 999 |
|
|
|a 048672
|b BUKU
|c PINJAMAN
|e PERPUSTAKAAN KOMUNITI PETALING JAYA
|